Principles of inorganic chemistry (Record no. 241398)

MARC details
000 -LEADER
fixed length control field 00606nam a22002177a 4500
005 - DATE AND TIME OF LATEST TRANSACTION
control field 20260513141509.0
008 - FIXED-LENGTH DATA ELEMENTS--GENERAL INFORMATION
fixed length control field 260506b |||||||| |||| 00| 0 eng d
020 ## - INTERNATIONAL STANDARD BOOK NUMBER
International Standard Book Number 9789382956969
040 ## - CATALOGING SOURCE
Transcribing agency AL
041 ## - LANGUAGE CODE
Language code of text/sound track or separate title English
082 ## - DEWEY DECIMAL CLASSIFICATION NUMBER
Classification number 546
Item number PURP
100 ## - MAIN ENTRY--PERSONAL NAME
Personal name B R Puri
100 ## - MAIN ENTRY--PERSONAL NAME
9 (RLIN) 263903
245 ## - TITLE STATEMENT
Title Principles of inorganic chemistry
260 ## - PUBLICATION, DISTRIBUTION, ETC.
Place of publication, distribution, etc. Delhi
Name of publisher, distributor, etc. Vishal Publishing Co
Date of publication, distribution, etc. 2023
300 ## - PHYSICAL DESCRIPTION
Extent xii,1175p.
Other physical details PB
Dimensions 24x18cm.
365 ## - TRADE PRICE
Price type code 6831
Price amount ₹828.00
Currency code
Unit of pricing ₹920.00
Price note 10%
Price effective from 14-03-2026
650 ## - SUBJECT ADDED ENTRY--TOPICAL TERM
Topical term or geographic name entry element Chemistry
9 (RLIN) 263384
700 ## - ADDED ENTRY--PERSONAL NAME
Personal name Sharma, L R
9 (RLIN) 263385
700 ## - ADDED ENTRY--PERSONAL NAME
Personal name Kalia, K C
9 (RLIN) 263386
942 ## - ADDED ENTRY ELEMENTS (KOHA)
Source of classification or shelving scheme Dewey Decimal Classification
Koha item type Book
Holdings
Withdrawn status Lost status Source of classification or shelving scheme Damaged status Not for loan Collection code Home library Current library Shelving location Date acquired Source of acquisition Cost, normal purchase price Total Checkouts Full call number Barcode Date last seen Cost, replacement price Price effective from Koha item type
    Dewey Decimal Classification     Chemistry St Aloysius Library St Aloysius Library Stack Section 03/17/2026 Biblios Book Point, Surathkal-575014 828.00   546 PURP 078125 05/06/2026 920.00 03/14/2026 Book